| 000 | nam a22 7a 4500 | ||
|---|---|---|---|
| 999 |
_c129331 _d129331 |
||
| 008 | 190329b xxu||||| |||| 00| 0 eng d | ||
| 020 | _a0-673-15667-2 | ||
| 050 | _aPR1855 1984 | ||
| 100 |
_aChaucer, Geoffrey _936928 |
||
| 245 |
_aChaucer's poetry: _ban anthology for the morden reader _c/ by Geoffrey Chaucer |
||
| 250 | _a2nd. ed. | ||
| 260 |
_aNew York: _bScott, Foresman and Company, _c1975 |
||
| 300 |
_axii, 1167p. ; _c22cm. |
||
| 700 |
_aDonaldson, Ethelbert Talbot, ed. _945622 |
||
| 942 |
_2lcc _cMONOGRAPH |
||